000 00383nam a22001457a 4500
020 _a9788120335141
082 _a621.382 NAT
100 _aNathan, P. Muthu Chidambara
245 _aWireless communications
260 _aNew Delhi, India
_bPHI Learning
_c2008
300 _axvi, 219 p.
_bill. ;
500 _aIncludes index.
650 _aWireless communication systems.
942 _cBK
999 _c12422
_d12422